00725 2200241 4500001002100000005001500021035002000036007000300056008004100059020002200100082000800122084001200130245011300142250001000255260004500265300003100310500001100341500005400352650001900406700002800425700001800453990001200471INLIS00000000001717220240924030759 a0010-0924000170ta240924 b 0 ind  a978-602-06-2952-0 a579 a579 DUN aDunia Mikro :bKehidupan dalam setetes air laut /calih bahasa, Ramayanti Budi Santoso; editor, Nina Andiana acet.2 aJakarta :bGramedia Pustaka Utama,c2020 a49 hal. :bilus. ;c29 cm. aIndeks aJudul asli : Microworld : Life in a seawater drop 4aMIKROORGANISME0 aRAMAYANTI, Budi Santoso0 aNINA, Andiana a11908 a